Французско-русский словарь технических терминов, употребляемых в геологии, геодезии, горном искусстве, заводском деле, маркшейдерском искусстве, металлургии, механике, минералогии, монетном деле, постройке железных судов, пробирном искусстве, соляном деле и химии
| Autore principale: | |
|---|---|
| Riassunto: | Текст в русской дореформенной орфографии Печатать позволяется с тем, чтобы по напечатании представлено было в Цензурный Комитет узаконенное число экземпляров. С. Петербург. 28 Апреля 1857 года. Цензор А. Фрейган |
| Lingua: | russo francese |
| Pubblicazione: |
Санкт-Петербург, Типография Д. Кесневиля, 1858
|
| Soggetti: | |
| Natura: | MixedMaterials Libro |
| KOHA link: | https://koha.lib.tpu.ru/cgi-bin/koha/opac-detail.pl?biblionumber=314001 |
MARC
| LEADER | 00000nam0a2200000 4500 | ||
|---|---|---|---|
| 001 | 314001 | ||
| 005 | 20231102002632.0 | ||
| 035 | |a (RuTPU)RU\TPU\book\339392 | ||
| 035 | |a RU\TPU\book\339389 | ||
| 090 | |a 314001 | ||
| 100 | |a 20160205d1858 m y0rusy50 ca | ||
| 101 | 0 | |a rus |a fre | |
| 102 | |a RU | ||
| 105 | |a y z 000zy | ||
| 200 | 1 | |a Французско-русский словарь технических терминов, употребляемых в геологии, геодезии, горном искусстве, заводском деле, маркшейдерском искусстве, металлургии, механике, минералогии, монетном деле, постройке железных судов, пробирном искусстве, соляном деле и химии |f А. Ф. Мевиус | |
| 210 | |a Санкт-Петербург |c Типография Д. Кесневиля |d 1858 | ||
| 215 | |a [3], III, [4], 239 с. | ||
| 300 | |a Текст в русской дореформенной орфографии | ||
| 300 | |a Печатать позволяется с тем, чтобы по напечатании представлено было в Цензурный Комитет узаконенное число экземпляров. С. Петербург. 28 Апреля 1857 года. Цензор А. Фрейган | ||
| 316 | |5 63413507: 79//19 |a На форзаце экслибрис библиотеки С. Н. Кулибина | ||
| 316 | |5 63413507: 79//19 |a На форзаце экслибрис библиотеки ТТИ | ||
| 316 | |5 63413507: 79//19 |a На издательской обложке владельческая подпись: "Н. Кулибин" | ||
| 316 | |5 63413507: 79//19 |a На шмуцтитуле неразбочивая надпись | ||
| 317 | |5 63413507: 79//19 |a Поступил в НТБ в 1900 г. в составе книжного собрания С. Н. Кулибина | ||
| 512 | 1 | |a Французско-русский словарь горнозаводских технических терминов | |
| 606 | 1 | |a Горное дело |x Терминология |2 stltpush |3 (RuTPU)RU\TPU\subj\7569 |9 35176 | |
| 606 | 1 | |a Словари |x Определитель формы |2 stltpush |3 (RuTPU)RU\TPU\subj\55182 |9 73242 | |
| 610 | 1 | |a владельческие знаки | |
| 610 | 1 | |a библиотека С. Н. Кулибина | |
| 610 | 1 | |a горные инженеры | |
| 610 | 1 | |a горные институты | |
| 610 | 1 | |a владельческая надпись | |
| 610 | 1 | |a русский язык | |
| 610 | 1 | |a французский язык | |
| 610 | 1 | |a горнозаводское дело | |
| 610 | 1 | |a горнозаводская промышленность | |
| 610 | 1 | |a горнозаводские предприятия | |
| 675 | |a 622(038) |v 4 | ||
| 700 | 1 | |a Мевиус |b А. Ф. |c горный инженер |c один из создателей металлургии Украины |f 1820-1898 |g Аполлон Фёдорович |2 stltpush |3 (RuTPU)RU\TPU\pers\39538 |9 20999 | |
| 801 | 1 | |a RU |b 63413507 |c 20160204 | |
| 801 | 2 | |a RU |b 63413507 |c 20201022 |g RCR | |
| 942 | |c BK | ||